Catholic University of Zimbabwe Library
Online Public Access Catalogue
(OPAC)

El servicio personal de los indios en la Nueva España (Record no. 26626)

MARC details
000 -LEADER
fixed length control field 02255cam a22004694a 4500
001 - CONTROL NUMBER
control field muse84987
003 - CONTROL NUMBER IDENTIFIER
control field MdBmJHUP
005 - DATE AND TIME OF LATEST TRANSACTION
control field 20210127151655.0
006 - FIXED-LENGTH DATA ELEMENTS--ADDITIONAL MATERIAL CHARACTERISTICS
fixed length control field m o d
007 - PHYSICAL DESCRIPTION FIXED FIELD--GENERAL INFORMATION
fixed length control field cr||||||||nn|n
008 - FIXED-LENGTH DATA ELEMENTS--GENERAL INFORMATION
fixed length control field 181008s1985 mx o 00 0 spa d
020 ## - INTERNATIONAL STANDARD BOOK NUMBER
International Standard Book Number 9786075640129
020 ## - INTERNATIONAL STANDARD BOOK NUMBER
Canceled/invalid ISBN 9681202759
020 ## - INTERNATIONAL STANDARD BOOK NUMBER
Canceled/invalid ISBN 9789681202750
035 ## - SYSTEM CONTROL NUMBER
System control number (OCoLC)1151448184
040 ## - CATALOGING SOURCE
Original cataloging agency MdBmJHUP
Transcribing agency MdBmJHUP
100 1# - MAIN ENTRY--PERSONAL NAME
Personal name Zavala, Silvio,
Dates associated with a name 1909-2014.
245 13 - TITLE STATEMENT
Title El servicio personal de los indios en la Nueva España
Remainder of title 1550-1575 /
Statement of responsibility, etc. Silvio Zavala.
264 #1 - PRODUCTION, PUBLICATION, DISTRIBUTION, MANUFACTURE, AND COPYRIGHT NOTICE
Name of producer, publisher, distributor, manufacturer Colegio de Mexico,
264 #3 - PRODUCTION, PUBLICATION, DISTRIBUTION, MANUFACTURE, AND COPYRIGHT NOTICE
Name of producer, publisher, distributor, manufacturer Project MUSE,
300 ## - PHYSICAL DESCRIPTION
Extent 1 online resource (1 online resource)
506 0# - RESTRICTIONS ON ACCESS NOTE
Terms governing access Open Access
Standardized terminology for access restriction Unrestricted online access
Source of term star
520 ## - SUMMARY, ETC.
Summary, etc. Monumental investigación sobre la historia laboral en la Nueva España, que hace especial enfasis en el trabajo obligatorio o voluntario de los indios. La obra expone la evolución general de las instituciones laborales en cada periodo, el examen de cada clase de servicio y del patrono al que se destina, y presenta cuadros con información sobre precios donde se aprecia el valor de los jornaleros en cada etapa. Este trabajo se vuelve entonces imprescindible para la historia de las bases de la vida social en la Nueva España.
588 ## - SOURCE OF DESCRIPTION NOTE
Source of description note Description based on print version record.
650 #0 - SUBJECT ADDED ENTRY--TOPICAL TERM
Topical term or geographic name entry element Indians, Treatment of.
Source of heading or term fast
Authority record control number or standard number (OCoLC)fst00970120
650 #0 - SUBJECT ADDED ENTRY--TOPICAL TERM
Topical term or geographic name entry element Indians of Mexico
General subdivision Government relations.
Source of heading or term fast
Authority record control number or standard number (OCoLC)fst00969556
650 #0 - SUBJECT ADDED ENTRY--TOPICAL TERM
Topical term or geographic name entry element Encomiendas (Latin America)
Source of heading or term fast
Authority record control number or standard number (OCoLC)fst00909516
650 #0 - SUBJECT ADDED ENTRY--TOPICAL TERM
Topical term or geographic name entry element Indians, Treatment of
Geographic subdivision Mexico
General subdivision History.
650 #0 - SUBJECT ADDED ENTRY--TOPICAL TERM
Topical term or geographic name entry element Indians of Mexico
General subdivision Employment
-- History.
650 #0 - SUBJECT ADDED ENTRY--TOPICAL TERM
Topical term or geographic name entry element Encomiendas (Latin America)
650 #0 - SUBJECT ADDED ENTRY--TOPICAL TERM
Topical term or geographic name entry element Indians of Mexico
General subdivision Government relations.
651 #0 - SUBJECT ADDED ENTRY--GEOGRAPHIC NAME
Geographic name Mexico.
Source of heading or term fast
Authority record control number or standard number (OCoLC)fst01211700
655 #0 - INDEX TERM--GENRE/FORM
Genre/form data or focus term History.
Source of term fast
Authority record control number (OCoLC)fst01411628
655 #7 - INDEX TERM--GENRE/FORM
Genre/form data or focus term Electronic books.
Source of term local
710 2# - ADDED ENTRY--CORPORATE NAME
Corporate name or jurisdiction name as entry element Project Muse.
Relator term distributor
830 #0 - SERIES ADDED ENTRY--UNIFORM TITLE
Uniform title Book collections on Project MUSE.
856 40 - ELECTRONIC LOCATION AND ACCESS
Public note Full text available:
Uniform Resource Identifier <a href="https://muse.jhu.edu/book/74821/">https://muse.jhu.edu/book/74821/</a>
Holdings
Withdrawn status Lost status Source of classification or shelving scheme Damaged status Not for loan Home library Current library Shelving location Date acquired Total Checkouts Date last seen Uniform Resource Identifier Price effective from Koha item type
          Digital Library Digital Library Online Access 27.01.2021   27.01.2021 https://muse.jhu.edu/book/74821/ 27.01.2021 eBook

OPENING HOURS

Weekdays: 0815hrs - 1800hrs
Weekends:0900hrs - 1200hrs

Closed for Mass:

Mon, Thur: 1200hrs - 1300hrs
Sunday & Public Holiday’s

CALL SUPPORT

0242-570570, 0242-570169
09200664, +263 8644140602

LOCATION

18443, Cranborne Avenue, Hatfield, Harare

Other Links


©2021 | CUZ Library